Almost Unique Country Names Quiz Stats

 Plays Quiz Updated Jul 2, 2018

Challenge
Share
Tweet
Embed
Score 0/31 Timer 05:00
1 Play Today
Sequence Country % Correct
SPASpain
97%
CANCanada
96.6%
RWARwanda
95.2%
SWAeSwatini
85.2%
URKTurkey
84.6%
HADChad
79.9%
NGODem. Rep. of the Congo
76.3%
NGORepublic of the Congo
74.9%
URKTurkmenistan
69.8%
MANOman
53.2%
SWABotswana
50.2%
TINArgentina
45.8%
HERBosnia and Herzegovina
40.1%
MARMyanmar
38.9%
ATEUnited States
36.8%
RWANorway
35.4%
Sequence Country % Correct
ATEUnited Arab Emirates
34%
NGOAngola
32.7%
URKBurkina Faso
31.6%
MANGermany
29.3%
MARMarshall Islands
27.7%
CANDominican Republic
25%
NGOMongolia
25%
MARDenmark
23.4%
HERNetherlands
22.7%
MANRomania
19.6%
ATEGuatemala
19.3%
CANCentral African Republic
19%
CANVatican City
15.9%
MARSan Marino
13.8%
TINPalestine
12%

You're not logged in!

Compare scores with friends on all Sporcle quizzes.
Join for Free
OR
Log In

You Might Also Like...

Show Comments

Extras

Top Quizzes Today


Score Distribution

Your Account Isn't Verified!

In order to create a playlist on Sporcle, you need to verify the email address you used during registration. Go to your Sporcle Settings to finish the process.

Report this User

Report this user for behavior that violates our Community Guidelines.

Details: